000
00281nam a2200109Ia 4500
008
200302s9999 xx 000 0 und d
100
_a
Peter Cook
245
_a
Architectural Monographs No 28 Six Conversations
260
_b
Academy Editions Ltd.
260
_c
1993
300
_a
144 P.,
999
_c
1186
_d
1186